000 00260nam a2200097Ia 4500
008 170619s9999 xx 000 0 und d
100 _aWEBSTER- JOHN G
245 0 _aMEDICAL INSTRUMENTATION : APPLICATION AND DESIGN
260 _bSingapore : John Wiley
260 _c2007
546 _aENGLISH
999 _c18475
_d18475